000 00353nam a22001457a 4500
020 _a978-8171640126
041 _aENG
100 _aMehra R k
245 _aTexBook Of Soil Science
250 _a6 Edition
260 _aNew Delhi
_bDirectorate of knowledbge management in Agriculture
_c2017
300 _a486
650 _aSoil Science
856 _uSWCE
999 _c10
_d10